000 00546nam a2200157 i 4500
001 34144
003 ES-MaACL
005 20230906154900.0
007 t|
008 030204s1912 sp ||||1| spa d
100 1 _aBofarull y Romañá, Manuel de.
_929767
245 1 4 _aLas antiguas Cortes, el moderno Parlamento, el Régimen Representativo Orgánico /
_cManuel de Bofarull y Romañá.
260 _aMadrid :
_b[s.n.,
_c1912] (
_fTip. de la Revista de Archivos, Bibliotecas y Museos)
502 _aTesis doctoral.
852 _aES-MaACL
_jT-1382-F-1
999 _c34144
_d34144